000 00303nam a22001217a 4500
008 170715b xxu||||| |||| 00| 0 eng d
041 _aeng
080 _a572
100 _a24
101 _aANT
245 _aANTHROPOLOGICAL PERSPECTIVES ON LATIN AMERICAN URBANIZATION
_cCORNELIUS, W.A
942 _2udc
_cBK
999 _c21141
_d21141